| 000 | 01109nam a22002657a 4500 | ||
|---|---|---|---|
| 005 | 20240530110435.0 | ||
| 008 | 150401s2011 ua f b 000 0 ara d | ||
| 017 |
_a2011/7531 _bمصر . دار الكتب المصرية |
||
| 020 | _a9789770930243 | ||
| 040 | _aEG-CaGPL | ||
| 082 | 0 | 4 |
_221 _a962 _bق/م أ |
| 100 | 0 | _aمحمد حافظ دياب | |
| 245 | 1 | 0 |
_aانتفاضات ام ثورات فى تاريخ مصر الحديث / _cمحمد حافظ دياب ؛ تقديم لطيفة محمد سالم |
| 250 | _aط1 | ||
| 260 |
_aالقاهرة : _bدار الشروق ، _c2011. |
||
| 300 |
_a236 ص ؛ _c24 سم. |
||
| 504 | _aيشتمل على ارجاعات ببليوجرافية | ||
| 651 | 0 | 4 |
_aمصر _xالاحوال السياسية |
| 651 | 0 | 4 |
_aمصر _xتاريخ _xالثورات _yثورة 25 يناير |
| 651 | 0 | 4 |
_aمصر _xتاريخ _yالعصر الحديث _yحسنى مبارك ( 1981 - .... ) |
| 651 | 0 | 4 |
_aمصر _xالاحوال الاجتماعية |
| 700 | 0 |
_aلطيفة محمد سالم _eمقدم |
|
| 942 |
_2ddc _cBK |
||
| 999 |
_c60939 _d60939 |
||